[Event "Pula zt 1.2"]
[Site "Pula"]
[Date "2000.04.16"]
[Round "6"]
[White "Beliavsky, Alexander G"]
[Black "Hertneck, Gerald"]
[Result "1-0"]
[WhiteElo "2640"]
[BlackElo "2571"]
[Annotator "Huebner,R"]
[PlyCount "99"]
[EventDate "2000.04.11"]
[EventType "swiss"]
[EventRounds "11"]
[EventCountry "CRO"]
[SourceTitle "CBM 077"]
[Source "ChessBase"]
[SourceDate "2000.07.27"]
[SourceVersion "1"]
[SourceVersionDate "2000.07.27"]
[SourceQuality "1"]

1. d4 d5 2. c4 c6 3. Nf3 Nf6 4. Nc3 a6 5. a4 e6 6. Bg5 Nbd7 7. e3 Bb4 8. Qc2
Qa5 9. Nd2 O-O (9... c5 10. Be2 (10. Nb3 $5 Qc7 11. dxc5 {kommt in Betracht.
Wenn Schwarz versucht, sofort die Initiative zu ergreifen, scheitert er:} Ne4 (
11... Nxc5 12. Bxf6 gxf6 13. cxd5 {ist offenbar vorteilhaft für Weiß.}) (11...
dxc4 12. Bxc4 Bxc5 {ist vielleicht die solideste Entgegnung.}) 12. Bf4 e5 13.
cxd5 Ndxc5 14. Nxc5 Nxc5 15. Bg3 Ne4 16. Rc1 $16) 10... cxd4 11. exd4 dxc4 12.
Bxf6 Nxf6 13. Nxc4 Qc7 {geschah in der Partie Beliavsky,A-Piket,J/Madrid 1997/
CBM 59/1-0 (51). Schwarz hat nach dieser Fortsetzung offenbar keine Probleme.
Die hier gewählte Fortsetzung genügt ebenfalls zum bequemen Ausgleich. Es
entsteht eine Stellung, die der Cambridge-Springs-Variante ähnelt; doch hat
Schwarz im Unterschied zu diesem Abspiel den Punkt b4 fest im Besitz, so daß
Weiß kein Spiel am damenflügel aufziehen kann.}) 10. Be2 dxc4 11. Bxf6 Nxf6 12.
Nxc4 Qc7 13. O-O a5 14. Ne4 Nd5 (14... Be7 $5 {genügt zum Ausgleich. Nach dem
textzug erzielt Weiß eine gewisse Lockerung der Bauernstruktur des Schwarzen
am Königsflügel. Allzu beunruhigend ist dies nicht, denn dem Weißen fehlt der
schwarzfeldrige Läufer; er kann deshalb aus der Schwäche der Felder h6 und f6
keinen großen Nutzen ziehen.}) 15. Ng5 g6 16. Qe4 f6 17. Nf3 Bd7 18. Rfc1 Rae8
19. Qc2 e5 $6 {Diese Fortsetzung entspricht nicht meinem Geschmack; die
Bauernstruktur des Schwarzen nimmt nun eine prinzipiell ungünstige Form an;
das Feld e4 wird zu einem dauerhaften Ankerplatz für die Figuren des Weißen.
Schwarz braucht die Struktur im Zentrum nicht zu verändern. In Betracht kommt
zum Beispiel 19...Te7 gefolgt von 20...Tg7, 21...g5 und Ld7-e8-g6.} 20. dxe5
fxe5 21. Bd3 Kg7 22. Ncd2 $6 {meines Erachtens sollte Weiß im Augenblick den
Druck gegen den Bauern auf e5 nicht aufgeben.Nach} (22. Rd1 {behält er das
bequemere Spiel.}) 22... Be7 23. Qc4 Be6 (23... Nb4 {kommt ebenfalls in
Betracht.}) 24. Be4 Rd8 25. Rd1 Rd7 26. Qe2 Rfd8 27. Nc4 Nc3 $1 {Schwarz hat
vollen Ausgleich erzielt.} 28. bxc3 Rxd1+ 29. Rxd1 Bxc4 30. Qc2 Rxd1+ 31. Qxd1
b5 (31... Qd6 {ist meines Erachtens genauer.}) 32. h4 Bf6 ({Die Folgen der
Fortsetzung} 32... b4 33. cxb4 axb4 34. Qc2 Bf7 35. Qxc6 Qxc6 36. Bxc6 b3 37.
Be4 b2 38. Bb1 {sind mir nicht ganz klar; vermutlich ist die Stellung
ausgeglichen. Der Textzug ist solide.}) 33. h5 gxh5 34. Nd2 Bf7 35. Nf1 h4 ({
Die Fortsetzung} 35... b4 36. cxb4 axb4 37. Ng3 Kh8 38. Nxh5 Bd8 39. Qg4 Be8 {
führte zu zweischneidigem Spiel mit Aussichten für beide Seiten. Gegen den
Textzug gibt es nichts einzuwenden.}) 36. Qg4+ Bg6 37. Nd2 bxa4 ({Ein bequemes
Leben hätte sich Schwarz mit der Folge} 37... Qd8 38. Bxg6 hxg6 39. Ne4 Be7 40.
Qe6 Qc7 {verschaffen können.}) 38. Bxg6 hxg6 39. Qxa4 Qb6 40. Qg4 e4 {Dies ist
unnötig.} (40... Qd8 41. Ne4 Be7 42. Qe6 Qc7 {ist auch hier gut genug.}) 41.
Qd7+ Kh6 42. Qe6 Bxc3 43. Nxe4 Qb1+ 44. Kh2 Qb8+ 45. f4 Be1 46. Qxc6 Qf8 47.
Qc4 Qe8 48. Nf6 Qd8 $2 ({Nach} 48... Qf8 {dürfte die Stellung noch im
Gleichgewicht sein.}) 49. Qf7 $18 Bg3+ 50. Kh3 1-0

[Event "Sigeman & Co 11th"]
[Site "Malmo"]
[Date "2003.05.01"]
[Round "3"]
[White "Hansen, Curt"]
[Black "Hansen, Sune Berg"]
[Result "1-0"]
[WhiteElo "2610"]
[BlackElo "2537"]
[Annotator "Huebner,R"]
[PlyCount "76"]
[EventDate "2003.04.29"]
[EventType "tourn"]
[EventRounds "9"]
[EventCountry "SWE"]
[EventCategory "13"]
[SourceTitle "CBM 095"]
[Source "ChessBase"]
[SourceDate "2003.07.25"]
[SourceVersion "1"]
[SourceVersionDate "2003.07.25"]
[SourceQuality "1"]

1. d4 d5 2. c4 c6 3. Nf3 Nf6 4. Nc3 a6 5. c5 Nbd7 6. h3 Qc7 7. Bg5 e5 8. e3 Be7
9. Bh4 exd4 10. exd4 b6 (10... O-O {sieht nicht besser aus:} 11. Bd3 b6 12.
cxb6 Qxb6 13. Qc2 c5 14. O-O cxd4 15. Na4 Qd8 16. Rfe1 Ne4 17. Bxe7 Qxe7 18.
Bxe4 dxe4 19. Rxe4 Qf6 20. Qc7 d3 21. Rae1 Qg6 22. Re8 f6 23. Rd8 Qf7 24. b3
Rb8 25. Nc5 Rxd8 26. Qxd8+ Nf8 27. Re7 Bf5 28. Qc7 Rc8 29. Rxf7 {1-0 Hlavacek,
R-Jirka,J/CZE 1999/EXT 2002 (29).}) 11. cxb6 Qxb6 12. Rb1 c5 (12... O-O 13. Bd3
Re8 14. O-O a5 $14) 13. Be2 cxd4 14. Nxd4 Bc5 (14... O-O {sieht wesentlich
solider aus.}) 15. Nf5 g6 $2 {Jetzt war die letzte Gelegenheit zur Rochade.}
16. b4 $1 Bxb4 $6 (16... gxf5 17. bxc5 Qxc5 {bot bessere
Verteidiungsaussichten.}) 17. O-O Qa5 ({Nach} 17... Qc6 18. Rxb4 Qxc3 19. Rb3
Qc5 20. Qa1 {fällt die Stellung des Schwarzen ebenfalls auseinander.}) 18. Rxb4
Qxb4 19. Nxd5 Nxd5 20. Qxd5 gxf5 21. Qxa8 O-O 22. Bg5 Bb7 $6 ({Zäher scheint
mir} 22... Qe4 23. Bf3 Qxa8 24. Bxa8 Ne5 {zu sein.}) 23. Qa7 Ne5 24. Qe3 (24.
Bxa6 {sieht einfacher aus.}) 24... Re8 (24... Qe4 25. f3 Qxe3+ 26. Bxe3 {
ist ziemlich hoffnungslos für Schwarz.}) 25. Qd2 Qb6 $6 (25... Qxd2 26. Bxd2 f4
27. f3 (27. Bxf4 Ng6 28. Be3 Nf4 {bietet dem Schwarzen beachtliche
Rettungsaussichten.}) 27... Bd5 {Schwarz wehrt sich.}) 26. Rc1 Qg6 27. Rc3 Qg7
28. Bf1 f6 ({Auf} 28... Nf3+ {folgt} 29. gxf3 f6 30. f4 fxg5 31. fxg5 f4 32.
Rc5 {mit Gewinnstellung für Weiß.}) 29. Bh6 Qe7 30. Rg3+ Ng6 31. h4 f4 32. Qxf4
$18 Kh8 33. Qd4 Rd8 34. Qb2 Rd5 35. Re3 Ne5 36. f4 Nf3+ 37. Rxf3 Rh5 38. Rb3
Qc5+ 1-0

[Event "EU-ch 6th"]
[Site "Warsaw"]
[Date "2005.06.25"]
[Round "7"]
[White "Halkias, Stelios"]
[Black "Grabarczyk, Miroslaw"]
[Result "1-0"]
[WhiteElo "2549"]
[BlackElo "2487"]
[Annotator "Huebner,R"]
[PlyCount "57"]
[EventDate "2005.06.18"]
[EventType "swiss"]
[EventRounds "13"]
[EventCountry "POL"]
[SourceTitle "CBM 108"]
[Source "ChessBase"]
[SourceDate "2005.09.26"]
[SourceVersion "1"]
[SourceVersionDate "2005.09.26"]
[SourceQuality "1"]

1. d4 d5 2. c4 c6 3. Nc3 Nf6 4. Nf3 a6 5. c5 Nbd7 6. Bf4 Nh5 7. g3 {Eine
neuere Idee im Kampf um die Beherrschung des Zentrums und das Feld e5: Weiß
erreicht größere Stabiltät, indem er den e-Bauern behält, da er das Feld d4
mit e2-e3 stützen kann. Wahrscheinlich genügt aber auch diese Fortsetzung
nicht zur Erzielung von Vorteil.} g6 (7... Nxf4 8. gxf4 b6 9. b4 a5 10. a3 g6
11. Bg2 Bg7 12. Ne5 Nxe5 13. fxe5 f6 14. f4 fxe5 15. dxe5 e6 16. O-O O-O $11 {
1-0 Jaworski,M-Kubala,P/Czechia 1996/EXT 2000 (41). (40)}) 8. Qd2 Nxf4 9. gxf4
Bg7 (9... b6 10. cxb6 Qxb6 11. e3 Bg7 12. Rc1 O-O 13. Bd3 a5 14. b3 Bb7 15. h4
Rfc8 16. Na4 Qb4 17. Ke2 Qd6 $2 (17... c5 18. Nxc5 Nxc5 19. dxc5 Qa3) 18. Nc5
Nxc5 19. Rxc5 f6 $2 20. Qc3 Rf8 21. h5 $18 {1-0 Halkias,S-Collins,S/Mallorca
2004/CBM 104 no vc (33). (32)}) 10. e3 Nf6 $6 {Schwarz sollte den Kampf um das
Feld e5 nicht aufgeben. Man sehe das folgende Partiebeispiel:} (10... f6 11. h4
e5 12. fxe5 fxe5 13. h5 O-O 14. Be2 e4 15. Ng1 Qf6 16. O-O-O g5 17. f3 exf3 18.
Nxf3 h6 {0-1 Jimenez Martinez,J-Martin Rueda,D/Mondariz 2004/CBM 101 ext (43).
(43) mit befriedigendem Spiel für Schwarz.}) 11. Bd3 Bf5 $2 {Danach bekommt
Weiß gewaltigen, vielleicht schon entscheidenden Druck auf der g-Linie.} (11...
O-O {scheint mir nötig zu sein.}) 12. Bxf5 gxf5 13. Rg1 Rg8 14. Ne5 e6 (14...
Ne4 {sollte versucht werden, obwohl die Lage des Nachziehenden nach} 15. Qe2
Kf8 (15... Nxc3 {scheitert an} 16. Qh5) 16. Nxe4 fxe4 (16... dxe4 17. Nc4 {
führt zu einer für Schwarz hoffnungslosen Stellung.}) 17. Qg4 Qa5+ 18. Kd1 {
nicht beneidenswert ist.}) 15. f3 {Jetzt kann Schwarz keinerlei Gegenspiel
mehr entfalten und wird auf beiden Flügeln zerdrückt.} Nd7 16. Rg3 Nf8 17. Na4
Ng6 18. Nb6 Bxe5 19. fxe5 Rb8 20. O-O-O $18 f6 21. h4 fxe5 22. h5 Ne7 23. Rxg8+
Nxg8 24. Qg2 Nh6 25. Qg7 Nf7 26. Rg1 Ke7 27. dxe5 Ke8 (27... Qh8 28. Qf6+) 28.
Qxh7 Qc7 29. Rg7 1-0

[Event "RUS-Cup01 Chigorin Memorial"]
[Site "St Petersburg"]
[Date "1997.11.07"]
[Round "7"]
[White "Ivanov, Sergey"]
[Black "Shovunov, Baatr"]
[Result "1/2-1/2"]
[WhiteElo "2530"]
[BlackElo "2330"]
[Annotator "Huebner,R"]
[PlyCount "96"]
[EventDate "1997.11.01"]
[EventType "swiss"]
[EventRounds "9"]
[EventCountry "RUS"]
[SourceTitle "CBM 062"]
[Source "ChessBase"]
[SourceDate "1998.01.31"]
[SourceVersion "1"]
[SourceVersionDate "1998.01.31"]
[SourceQuality "1"]

1. d4 d5 2. c4 c6 3. Nc3 Nf6 4. Nf3 a6 5. a4 e6 6. g3 Be7 7. Bg2 a5 (7... O-O
8. O-O b6 9. Nd2 Ra7 10. e4 dxe4 11. Ndxe4 Rd7 12. Qb3 Bb7 13. a5 b5 14. Nc5
Bxc5 15. dxc5 Qe7 16. Be3 Rfd8 17. h3 h6 18. Rad1 Rxd1 19. Rxd1 Rxd1+ 20. Qxd1
bxc4 21. Qd4 Nbd7 22. Qxc4 Nd5 23. Ne4 N7f6 24. Nd6 Ne8 25. Qb3 Nxd6 26. cxd6
Qd7 27. Bc5 e5 28. Qd3 Bc8 29. b4 Qe6 30. b5 axb5 31. Bxd5 cxd5 32. Qxb5 Bd7
33. Qb7 Bc8 34. a6 Bxb7 35. axb7 Qe8 36. Ba7 f6 37. b8=Q Qxb8 38. Bxb8 Kf7 39.
Ba7 Ke6 40. Bc5 f5 41. f4 {1-0 Shulman,Y-Chekhov,V/Moscow5 1995/CBM 49/
[Shulman]}) 8. O-O Na6 9. Ne5 Nd7 10. Bf4 f5 $2 11. e4 fxe4 (11... Nxe5 12.
Bxe5 fxe4 13. Bxg7 Rg8 14. Be5 {nebst f2-f3 ist ebenfalls hoffnungslos für
Schwarz.}) 12. Qh5+ g6 13. Nxg6 Nf6 14. Qh4 {Schwarz muß seinen
schwarzfeldrigen Läufer abgeben; er steht auf Verlust.} Ng8 15. Nxe7 Nxe7 16.
Be5 (16. f3 $18) 16... O-O 17. Bd6 {Sicherlich wurde statt dessen} (17. Bf6 {
gezogen.}) 17... Rf7 18. Qg5+ Kf8 19. f3 e3 20. Rae1 Nc7 21. Rxe3 (21. c5 $5)
21... Ne8 22. Be5 (22. Qh6+ Kg8 23. Bxe7 Qxe7 24. f4 {kam in Betracht.}) 22...
Qb6 23. Re2 Ng6 24. Bh3 Nxe5 25. Qxe5 Ng7 26. f4 Qb4 27. cxd5 $6 (27. f5 exf5
28. cxd5 Bd7 29. dxc6 bxc6 {ist auch noch nicht sofort entscheidend.}) (27. c5
{war vielleicht das Genaueste.}) 27... exd5 28. f5 Kg8 29. g4 Bd7 {Jetzt ist
die Sache plötzlich nicht mehr so einfach.} 30. Qe3 Re8 31. Qd3 Rxe2 32. Nxe2
Ne8 33. b3 Nf6 34. Ng3 Rg7 35. Kh1 c5 36. dxc5 Bc6 37. Qe2 d4+ 38. Bg2 Bxg2+
39. Kxg2 Qxb3 40. Qe5 Qb2+ 41. Ne2 h5 42. g5 Rxg5+ 43. Kh1 Kh7 44. h3 Qb3 45.
Nf4 Qc2 46. Qe7+ Rg7 47. Qxf6 Qe4+ 48. Kh2 Qc2+ 1/2-1/2

[Event "Moscow-ch"]
[Site "Moscow"]
[Date "2003.04.24"]
[Round "4.1"]
[White "Shipov, Sergei"]
[Black "Malakhov, Vladimir"]
[Result "0-1"]
[WhiteElo "2604"]
[BlackElo "2672"]
[Annotator "Huebner,R"]
[PlyCount "50"]
[EventDate "2003.04.20"]
[EventType "k.o."]
[EventRounds "5"]
[EventCountry "RUS"]
[SourceTitle "CBM 095"]
[Source "ChessBase"]
[SourceDate "2003.07.25"]
[SourceVersion "1"]
[SourceVersionDate "2003.07.25"]
[SourceQuality "1"]

1. d4 d5 2. c4 c6 3. Nc3 Nf6 4. Nf3 a6 5. a4 e6 6. Bg5 Nbd7 7. e3 Bb4 8. Bd3
Qa5 9. O-O Bxc3 (9... dxc4 10. Bxc4 Bxc3 11. bxc3 Qxc3 12. Nd2 $6 (12. Rc1 $5)
12... O-O 13. Rc1 Qa5 14. f4 $6 (14. Nf3 $13) 14... h6 15. Bh4 Nd5 16. Qe2 f5
17. e4 $2 fxe4 $17 {1/2-1/2 Hughes,G-Karttunen,M/Sas van Gent 1998/EXT 99 (44).
(44)}) 10. bxc3 Qxc3 $2 (10... dxc4 11. Bxc4 Ne4 {sieht plausibler aus.}) 11.
c5 $1 Qa5 12. Qc2 O-O ({Die Folge} 12... e5 13. Bxf6 (13. dxe5 Ne4 14. Bxe4
dxe4 15. Qxe4 Nxc5 16. Qh4 O-O {ist in Ordnung für Schwarz.}) 13... gxf6 14.
Bf5 Qc7 15. e4 {sieht auch nicht erquicklich für Schwarz aus.}) 13. Ne5 h6 14.
Bh4 Nxe5 15. dxe5 Qb4 (15... Nd7 16. Be7 Re8 17. Bd6 {ist auch äußerst
unbequem für Schwarz, bietet jedoch bessere Aussichten auf Widerstand.}) 16.
Bxf6 gxf6 17. exf6 e5 18. f4 $2 ({Nach} 18. e4 {droht aufs kräftigste 19.Dc1.}
{Die Fortsetzung} d4 {Andere Züge sind kaum vertrauenerweckender.} 19. f4 Re8
20. Qf2 Kh7 21. Rfc1 {läßt Schwarz in einer hoffnungslosen Lage.}) 18... e4 19.
Qf2 $2 (19. Be2 {überläßt dem Weißen noch stets das etwas bessere Spiel.} b6
20. Rfc1 Qxc5 21. Qb3 Qd6 22. Qxb6 Qxf6 23. Qxc6 {usw.}) 19... Kh7 20. Be2 Qc3
21. Qh4 Qxe3+ 22. Rf2 Rg8 23. Kh1 d4 24. Rb1 d3 25. Bh5 d2 0-1

[Event "RUS-Cup final"]
[Site "Samara"]
[Date "1998.09.07"]
[Round "9"]
[White "Dreev, Alexey"]
[Black "Volkov, Sergey"]
[Result "0-1"]
[WhiteElo "2645"]
[BlackElo "2605"]
[Annotator "Huebner,R"]
[PlyCount "48"]
[EventDate "1998.08.??"]
[EventType "tourn"]
[EventRounds "11"]
[EventCountry "RUS"]
[SourceTitle "CBM 067"]
[Source "ChessBase"]
[SourceDate "1998.11.30"]
[SourceVersion "2"]
[SourceVersionDate "1998.11.01"]
[SourceQuality "1"]

1. d4 d5 2. c4 c6 3. Nc3 Nf6 4. Nf3 a6 5. c5 Nbd7 6. Bf4 Nh5 7. Bd2 Nhf6 8. h3
e5 {Dies ist energischer als} (8... Ne4 9. Bf4 Nxc3 10. bxc3 g6 11. e3 $14 {
Wojtkiewicz,A-Sapis,W/POL-chT 1995/1/2-1/2 (51)}) 9. b4 (9. dxe5 Ne4 {sieht
auch nicht vielversprechend für Weiß aus.}) 9... Qe7 10. dxe5 $2 (10. e3 {
war sicherer und besser.}) 10... Nxe5 11. Nxe5 Qxe5 12. Na4 $2 {Dies vermehrt
die Schwierigkeiten des Weißen.} (12. g3 {war angebracht;} d4 {scheitert dann
an} 13. Bf4) 12... Ne4 13. Be3 (13. Nb6 {scheitert an} Qf6) 13... Be7 14. Qd4 (
14. Bd4 Bh4 {würde bereits das sofortige Ende bedeuten.}) 14... Qf5 15. Qd3 Bf6
16. g4 (16. Rc1 {gefällt mir besser.}) 16... Qe5 17. Rd1 a5 18. Bg2 $2 ({Nach} 
18. Nb6 {sehe ich keinen sofortigen Gewinn für Schwarz.}) 18... axb4 $19 19.
Nb6 Ra3 20. Qc2 Rxe3 21. Nxc8 Rc3 22. Qb1 O-O 23. Nb6 Nxf2 24. Kxf2 Bh4+ 0-1

[Event "RUS-ch KO"]
[Site "Moscow"]
[Date "1999.12.15"]
[Round "1.1"]
[White "Lugovoi, Aleksei"]
[Black "Volkov, Sergey"]
[Result "0-1"]
[WhiteElo "2509"]
[BlackElo "2575"]
[Annotator "Huebner,R"]
[PlyCount "34"]
[EventDate "1999.12.04"]
[EventType "k.o."]
[EventRounds "6"]
[EventCountry "RUS"]
[SourceTitle "CBM 075"]
[Source "ChessBase"]
[SourceDate "2000.04.05"]
[SourceVersion "1"]
[SourceVersionDate "2000.04.05"]
[SourceQuality "1"]

1. d4 d5 2. c4 c6 3. Nc3 Nf6 4. Nf3 a6 5. Bg5 Ne4 6. h4 f6 (6... Bf5 7. Qb3 b5
8. cxd5 Nxc3 9. Qxc3 (9. bxc3 cxd5 10. a4 Nc6 11. e3 bxa4 12. Qxa4 Bd7 13. Qa2
h6 14. Bf4 e6 $10) 9... cxd5 (9... Qxd5 10. Nd2 f6 11. Bf4 Nd7 12. f3 e5 13.
dxe5 fxe5 14. e4 Qd6 15. Be3 Be6 16. a4 $16) 10. e3 (10. Rc1 Nd7 (10... f6 11.
Bf4 Kf7 $5 12. g3 $1 Bd7 13. Bg2 e6 14. O-O Nc6) 11. Qc6 f6 12. Bf4 e6 13. Bc7
Qc8 $13 14. g4 $140 $2 Bxg4 15. Rg1 h5 16. Rxg4 hxg4 17. Qxe6+ Be7 18. Bd6 Qd8)
10... Nd7 11. Bd3 (11. Rc1 Nb6 12. Bf4 Rc8) 11... Rc8 12. Qd2 Bxd3 13. Qxd3
Qa5+ $2 (13... h6 $6 14. Bf4 e6 15. Ke2 $1 (15. O-O Be7 16. Rfc1 O-O 17. a4 Qb6
$10) 15... Be7 16. g4 $1 $16) (13... f6 $1 14. Bf4 e6 15. O-O Be7 $1 (15... Kf7
16. a4 Qb6 17. axb5 axb5 18. Rfc1 $18) 16. a4 Qb6 17. axb5 axb5 18. Rfc1 O-O
$10) 14. Ke2 (14. Qd2 Qxd2+ 15. Kxd2 e6 16. Rhc1 Bb4+ 17. Kd3 O-O) 14... f6 $8
15. Rhc1 $1 Rc4 (15... Rxc1 16. Rxc1 Qxa2 (16... fxg5 $2 17. Rc8+ Kf7 18. Qf5+
Nf6 19. Ne5+ Kg8 20. Qe6#) 17. Qf5 $1 Qxb2+ (17... Nb6 18. Rc6 Qxb2+ 19. Nd2 (
19. Rc2 Qb4) 19... Nc4 20. Rc8+ (20. Qe6 Qxd2+ 21. Kf3 Nd6 22. Rxa6 (22. Rxd6
Qd1+ 23. Kg3 h5 24. Rxa6 Qg4+ 25. Qxg4 hxg4 26. Bf4) (22. Rb6 $2 Kd8 $17) 22...
Qd1+ 23. Kg3 Nf7 (23... Nb7 24. Ra8+ Nd8 25. Qxd5 e6 26. Rxd8+ Kf7 27. Qd7+)
24. Qc6+) 20... Kf7 21. Qxd5+ Kg6 (21... e6 22. Qb7+ Be7 23. Rxc4 fxg5 24. Rc7
Re8 25. hxg5 a5 26. Rc5) 22. h5+ Kxh5 23. Bxf6+ Kg6 24. Qe4+) 18. Rc2 Qb3 19.
Rc8+ Kf7 20. Qxd7) 16. Bf4 g6 17. b3 Rxc1 18. Rxc1 Bg7 19. Qc2 $1 O-O (19... e5
20. dxe5 $1 fxe5 21. Qc8+ Qd8 22. Bxe5 $1) 20. Bc7 Qa3 21. Qc6 Rf7 22. Rc2 Nf8
23. Qxd5 e6 24. Qd6 Qxd6 25. Bxd6 Ra7 26. Rc8 Kf7 27. Bc5 Rb7 28. Ra8 Nd7 29.
Rxa6 {1-0 Atalik,S-Ionescu,M/ROM-chT 1996/CBM 56/[Atalik,S] (29)}) 7. Bf4 Qa5
8. Qb3 (8. Bd2 Nxd2 9. Nxd2 {führt zu einer unklaren Stellung.}) (8. cxd5 $11 {
führt zum Ausgleich. Auch der Textzug ist spielbar.}) 8... e5 9. dxe5 d4 10.
Qc2 $4 (10. Qa4 {ist unbedingt nötig. Nach} Bb4 11. Qxa5 Bxa5 12. Nxd4 Nxc3 13.
Bd2 Nxe2 {entsteht eine etwa ausgeglichene Stellung.}) 10... dxc3 11. b4 Bxb4
12. Qxe4 O-O 13. e6 $6 (13. Qc2 {war zäher, aber die Stellung des Weißen fällt
auch nach} fxe5 14. Bxe5 (14. Bg3 e4 {ist natürlich auch hoffnungslos.}) 14...
Rxf3 15. Bxb8 Rf8 16. Bg3 Bf5 {bald zusammen.}) 13... Qxa2 14. Rc1 Qb2 15. Rc2
Qb1+ 16. Bc1 Ba3 17. Ng5 f5 0-1

[Event "RUS-Cup01 Chigorin Memorial"]
[Site "St Petersburg"]
[Date "1997.11.02"]
[Round "2"]
[White "Shulman, Yuri"]
[Black "Seeman, Tarvo"]
[Result "1-0"]
[WhiteElo "2510"]
[BlackElo "2395"]
[Annotator "Huebner,R"]
[PlyCount "75"]
[EventDate "1997.11.01"]
[EventType "swiss"]
[EventRounds "9"]
[EventCountry "RUS"]
[SourceTitle "CBM 062"]
[Source "ChessBase"]
[SourceDate "1998.01.31"]
[SourceVersion "1"]
[SourceVersionDate "1998.01.31"]
[SourceQuality "1"]

1. d4 {Baburin} d5 2. c4 c6 3. Nf3 Nf6 4. Nc3 Qb6 5. g3 Bf5 6. Bg2 e6 7. O-O (
7. c5 Qd8 8. Nh4 Bg4 9. h3 Bh5 10. g4 Bg6 11. Nxg6 hxg6 12. Qb3 b6 13. g5 Nfd7
14. e4 bxc5 15. exd5 cxd5 16. Nxd5 Nc6 17. Nf6+ gxf6 18. Bxc6 cxd4 19. Bd2 Rc8
20. Rc1 Be7 21. Qa4 Rxc6 {Novikov,I-Vysochin,S/RUS-Cup1 Chigorin mem 1996/EXP
56/[Shipov]/1-0 (39)}) 7... h6 (7... Nbd7 8. b3 Be7 9. Nh4 Bg6 10. Nxg6 hxg6
11. e4 dxe4 12. Nxe4 Nxe4 13. Bxe4 Rd8 14. Be3 c5 15. d5 exd5 16. cxd5 Kf8 17.
Rc1 Nf6 18. Bf3 Nxd5 19. Bxd5 Rh5 20. b4 Rdxd5 21. Qf3 Qc6 22. Rfd1 {Natalucci,
F-Sbarra,M/Corsico op2 1996/EXT 97/1/2-1/2 (42)}) 8. Na4 (8. Ne5 Be7 9. b3 O-O
10. Bb2 Rd8 11. e3 Nbd7 12. Nxd7 Rxd7 13. Qe2 Bg4 14. f3 Bh5 15. g4 Bg6 16. f4
dxc4 17. f5 exf5 18. gxf5 Bh5 19. Qxc4 Rad8 20. Rae1 Qc7 21. Ne2 Bxe2 22. Qxe2
c5 23. e4 cxd4 24. e5 d3 25. Qf3 d2 26. Rd1 Rd3 27. Qe2 Bc5+ 28. Kh1 Re3 29.
Qc4 Nh7 30. e6 Bb6 31. Qg4 f6 32. Ba3 Bc5 33. Qc4 Rc8 34. e7+ Kh8 35. Qxc5 Qxc5
36. Bxc5 Rxc5 37. Rxd2 {1-0 Gusev,A-Seoev,R/URS Army-ch 1989/EXT 89ch2}) 8...
Qa6 9. cxd5 cxd5 10. Bf4 Nc6 11. Rc1 Be7 12. Nc5 Bxc5 13. dxc5 O-O (13... Qxa2
14. Nd4 Nxd4 15. Qxd4 Qa6 (15... O-O 16. Bxh6 $16) 16. Bd6 Qxe2 17. Qa4+ Nd7
18. Rfe1 {sieht für Schwarz sehr gefährlich aus.}) 14. a3 Qb5 15. Nd4 Nxd4 16.
Qxd4 Qxe2 17. Be5 Ne8 18. Rfe1 Qa6 19. b4 Qc6 20. Qb2 a6 21. a4 {Baburin:
White has good compensation for the pawn, as Black's central pawns cannot move,
while White's pawn majority on the queenside is mobile and dangerous.} Qxa4 $2
{Baburin: Black decides to take a second pawn and liquidate White's pawn
majority. This decision might be risky, as the black queen could be in danger,
but perhaps this is Black's best way of playing this position.} ({Besser war} 
21... b5 $13) ({Baburin: Black had to play} 21... f6 {Baburin which leads to
an unclear position after} 22. b5 axb5 23. axb5 Qc8 24. Bd4) 22. c6 bxc6 {
?? Baburin: Black was facing a difficult choice:} (22... b6 23. Bf1 $18 (23.
Re3 $1 {Baburin})) ({Baburin: but} 22... Qb5 {Baburin was quite acceptable:}
23. Bf1 Qb6 24. Bd4 Qc7 25. cxb7 Qxb7 26. Bc5) 23. Rc5 {Baburin: Now Black's
queen is trapped and all his attempts to acquire some material for it fail.} f6
24. Bf4 g5 $2 (24... e5 25. Bd2 Nd6 26. Ra1 Nc4 27. Rxc4 Qb5 28. Rc5 Qb6 {
bot bessere Möglichkeiten Widerstand zu leisten, weil Schwarz den Bauern auf
c6 mit Lf5-d7 decken kann.}) 25. Bd2 Nd6 26. Ra1 Qb5 (26... Nc4 27. Rxc4 Qb5 (
27... Qxa1+ 28. Qxa1 dxc4 29. Bc3 $18) 28. Rc5 Qb6 29. Qc3 Rac8 30. Bf1 $18)
27. Rxb5 cxb5 28. Qd4 Nc4 29. Bc3 Kg7 30. h4 Rf7 31. hxg5 hxg5 32. Qc5 Kg6 33.
f3 g4 34. fxg4 Bxg4 35. Qd4 f5 36. Re1 e5 37. Qxd5 Rc8 38. Qe6+ 1-0